[Event "CRO-ch Youth U19 2020"]
[Site "Vinkovci"]
[Date "2020.07.28"]
[Round "1.9"]
[White "Ghersinich, Enrico"]
[Black "Alfirevic, Duje"]
[Result "1/2-1/2"]
[WhiteElo "2299"]
[BlackElo "2011"]
[Annotator "TA"]
[PlyCount "147"]
[EventDate "2020.07.28"]
[EventType "swiss"]
[EventCountry "CRO"]
[SourceTitle "playchess.com"]
[Source "ChessBase"]
[SourceQuality "1"]

{[%evp 10,147,-20,-64,-64,-59,-64,-64,-55,-62,-52,-62,-58,-58,-56,-75,-78,-87,-72,-140,-121,-138,-108,-83,-49,-62,-66,-65,-21,-34,14,10,14,8,6,6,28,30,49,43,50,33,47,41,50,50,46,43,39,0,0,0,0,0,0,0,0,0,0,0,0,0,0,0,0,0,0,0,0,0,0,0,0,0,0,0,0,0,0,0,0,0,0,0,0,0,0,0,0,0,0,0,0,0,0,0,0,0,0,0,0,0,0,0,0,0,0,0,0,0,0,0,0,0,0,0,0,0,0,0,0,0,0,0,0,0,0,0,0,0,0,0,0,0,0,0,0,0,0,0]} 1. e4 e5 2. Nf3 Nc6 3. d4 exd4 4. Bc4 Nf6 5. O-O Nxe4 6. Nc3 Nxc3 {C56: Two Knights: 4 d4 exd4 5 0-0 Nxe4.} 7. bxc3 Be7 8. cxd4 d5 {Black is slightly better.} 9. Bb5 O-O 10. Bxc6 bxc6 11. Ne5 Bd6 {[#]} 12. Bf4 $146 ({Predecessor:} 12. Nxc6 Qh4 13. f4 Re8 14. Ne5 Ba6 15. Rf3 Re6 16. Rh3 Qe7 17. Qf3 c5 18. c3 cxd4 19. cxd4 {1-0 (30) Estrada Degrandi,W-Diano,D Uruguay 1974}) 12... Qf6 13. Qd2 h6 14. Rab1 (14. Rfe1 $142) 14... c5 15. Rfe1 c4 16. Bg3 Bxe5 17. Bxe5 Qc6 18. Qf4 Bd7 19. Qg3 {[%csl Ge5][%cal Rg3g7] [#]} Qg6 (19... f6 $5 {[%cal Rf6e5]} 20. Bf4 Kf7 $11) 20. Qxg6 fxg6 21. Bxc7 Bf5 22. Re2 Rf7 23. Be5 Rd8 24. Rb5 Rdd7 25. f3 g5 26. h3 Rfe7 27. c3 Re6 28. a4 Rb6 29. Reb2 Rdb7 {The position is equal.} 30. Bd6 Rxb5 31. axb5 $11 {[%mdl 4096] Endgame KRB-KRB} Bd7 32. Bc5 Bxb5 33. Bxa7 Rxa7 34. Rxb5 {KR-KR} Ra3 35. Rxd5 Rxc3 36. Rc5 Rc2 37. Rc7 c3 38. Kf1 Rd2 {[#] Strongly threatening ...c2.} 39. Rxc3 Rxd4 40. Ke2 Ra4 41. Rd3 Kf7 42. Ke3 Kf6 43. g3 Ra1 44. f4 Rh1 45. fxg5+ hxg5 46. Kf3 Rxh3 47. Kg4 Rh6 48. Rd5 Rh1 49. Rf5+ Ke7 50. Kxg5 Rh6 51. g4 Re6 52. Rf4 Ke8 53. Kh5 Rh6+ 54. Kg5 Re6 55. Rf5 Ra6 56. Kh4 Ra4 57. Rf3 Ke7 58. Kh5 Ra6 59. g5 Re6 60. Rf4 $1 Ke8 61. g6 Re5+ 62. Kg4 Re1 63. Kf5 Kf8 64. Rf2 Kg8 65. Rb2 {White wants to mate with Rb8+.} Rf1+ 66. Ke5 Rf8 67. Rb7 Ra8 68. Rd7 Rf8 69. Kd5 Rf5+ 70. Ke4 Rf8 71. Re7 Ra8 72. Ke5 Ra5+ 73. Kd4 {[%cal Re7e8]} Ra8 74. Ke5 {Accuracy: White = 96%, Black = 93%.} 1/2-1/2

[Event "CRO-ch Youth U19 2020"]
[Site "Vinkovci"]
[Date "2020.07.28"]
[Round "1.10"]
[White "Birkic, Josip"]
[Black "Jakrlin, Mihael"]
[Result "1/2-1/2"]
[WhiteElo "1984"]
[BlackElo "2183"]
[Annotator "TA"]
[PlyCount "67"]
[EventDate "2020.07.28"]
[EventType "swiss"]
[EventCountry "CRO"]
[SourceTitle "playchess.com"]
[Source "ChessBase"]
[SourceQuality "1"]

{[%evp 14,67,25,0,0,0,8,0,0,0,7,-21,8,-7,5,0,2,0,0,0,0,8,16,17,22,20,32,27,39,12,25,0,0,0,21,27,26,22,35,-29,0,0,6,11,39,0,44,-25,-34,-49,-8,-162,0,0,8,7]} 1. d4 Nf6 2. Nf3 g6 3. c4 Bg7 4. Nc3 O-O 5. g3 d6 6. Bg2 c5 7. O-O Nc6 8. h3 Bf5 {E65: King's Indian: Fianchetto: 6...c5 7 0-0 without d5 by White.} 9. d5 Na5 $1 10. Nd2 a6 11. e4 Bd7 12. Qe2 Rb8 13. Rb1 Ne8 {[#]} 14. Nd1 $146 ({Predecessor:} 14. Qd3 Nc7 15. f4 b5 16. b3 b4 17. Ne2 Nb7 18. Bb2 a5 19. e5 a4 20. g4 {½-½ (49) Grapsa,G (2083)-Manolaraki,Y (2073) Kallithea 2009}) 14... b5 15. Ne3 bxc4 16. Ndxc4 Nxc4 17. Nxc4 Bb5 18. b3 Bxc4 19. Qxc4 Qa5 20. Qc2 Nc7 21. Bd2 Qa3 22. Bc1 Qb4 23. Bd2 Qb6 24. b4 Nb5 {White must now prevent ...Na3.} 25. bxc5 Qxc5 26. Qa4 (26. Qxc5 $14 dxc5 27. Bg5) 26... Qa3 27. Rb4 Rfc8 28. Rfb1 {And now Qxa3 would win.} Ra8 29. Bf1 Qf3 30. Bxb5 (30. Re1 $14) 30... axb5 $11 31. Qxb5 Rxa2 (31... Rc2 $5 {[%cal Rc2d2]} 32. Be3 Bh6 $11) 32. Be3 $2 {[#]} (32. Qd7 $1 $11 Rf8 33. Be3) 32... Be5 $2 {[#]} (32... h5 $1 $19 {Strongly threatening ...Rc3.} 33. R4b3 h4 34. gxh4 Qxh3) 33. Qd7 $1 {[%mdl 512]} Raa8 34. Qg4 {Accuracy: White = 65%, Black = 73%.} 1/2-1/2

[Event "CRO-ch Youth U19 2020"]
[Site "Vinkovci"]
[Date "2020.07.28"]
[Round "1.11"]
[White "Novosel, Marko"]
[Black "Smetisko, Josip"]
[Result "1/2-1/2"]
[WhiteElo "2147"]
[BlackElo "1940"]
[Annotator "TA"]
[PlyCount "88"]
[EventDate "2020.07.28"]
[EventType "swiss"]
[EventCountry "CRO"]
[SourceTitle "playchess.com"]
[Source "ChessBase"]
[SourceQuality "1"]

{[%evp 15,88,21,28,34,59,47,56,45,58,25,38,15,40,33,39,44,93,95,106,81,75,71,85,96,90,87,101,92,108,66,95,101,92,74,107,107,114,115,100,103,103,0,83,78,70,37,61,-113,-113,-113,-113,-114,-114,-118,0,-152,0,0,0,0,8,0,8,0,9,9,9,-57,0,0,0,-46,-14,-25,-8]} 1. e4 d6 2. d4 Nf6 3. Nc3 Nbd7 4. Nf3 e5 5. Bc4 Be7 6. O-O c6 7. a4 {[%cal Ba2a4,Ba4a5][%mdl 32]} O-O 8. h3 exd4 {8...h6 is the modern continuation.} 9. Qxd4 {C41: Philidor Defence.} Qb6 10. a5 Qxd4 11. Nxd4 {White is slightly better.} Nc5 12. Re1 Re8 13. Bg5 {[#]} Bd8 $146 ({Predecessor:} 13... Ne6 14. Bxe6 fxe6 15. a6 e5 16. axb7 Bxb7 17. Nf5 Bf8 18. Red1 Re6 19. Be3 a6 {1-0 (74) Stamatovic,A (2077)-Nonkovic,B (2062) Belgrade 2017}) 14. b4 Ne6 15. Bxe6 Bxe6 16. a6 $36 {[%mdl 2048] White is really pushing.} Bc8 17. axb7 Bxb7 18. Nf5 Bc7 19. Bxf6 gxf6 20. Red1 Re6 21. f3 Kf8 22. b5 a6 23. bxc6 Bxc6 24. Kh1 a5 25. Nd4 Re5 26. Nxc6 Rc5 27. Nd5 Rxc6 28. Nxf6 (28. c3 $16) 28... Kg7 (28... Bd8 $11 29. Nd5 Rxc2) 29. Nd5 Rxc2 30. Ra4 Ra6 31. Nb4 $2 (31. Rb1 $14 {stays ahead.}) 31... axb4 $17 32. Rxa6 {[%mdl 4096] [#] Endgame Strongly threatening Rb1. KRR-KRB} b3 {[%cal Bb4b3,Bb3b2][%mdl 32] Hoping for ...b2.} 33. Raa1 b2 {[%mdl 1024] Black has strong compensation.} 34. Rab1 Bd8 ({Black should play} 34... Bb6 $17 35. Re1 Bf2) 35. f4 $2 (35. Kh2 $11) 35... Ba5 $2 (35... Bb6 $17 {aiming for ...Be3.} 36. Re1 Bf2) 36. Kh2 $11 Bd2 37. Kg3 Kf6 38. Kf3 Ke6 39. g3 Rc3+ 40. Ke2 Bc1 41. Rg1 ({Better is} 41. Rd3 $11 Rc4 42. Kf3) 41... Re3+ (41... f5 $15 42. exf5+ Kxf5) 42. Kf2 {[#] Threatens to win with Rxb2!} Rc3 {...Be3+ is the strong threat.} 43. Ke2 Kd7 44. Rg2 Re3+ {Accuracy: White = 64%, Black = 70%.} 1/2-1/2

[Event "CRO-ch Youth U19 2020"]
[Site "Vinkovci"]
[Date "2020.07.28"]
[Round "1.12"]
[White "Baric, Marko"]
[Black "Cotic, Borna"]
[Result "0-1"]
[WhiteElo "1831"]
[BlackElo "2049"]
[Annotator "RC"]
[PlyCount "56"]
[EventDate "2020.07.28"]
[EventType "swiss"]
[EventCountry "CRO"]
[SourceTitle "playchess.com"]
[Source "ChessBase"]
[SourceQuality "1"]
[TimeControl "5400+30"]

1. e4 {[%emt 0:00:30]} c5 {[%emt 0:00:30]} 2. Nf3 {[%emt 0:00:00]} e6 {[%emt 0:00:30]} 3. c4 {[%emt 0:00:00]} Nc6 {[%emt 0:00:30]} 4. Be2 {[%emt 0:00:30]} g5 {[%emt 0:00:00]} 5. d3 {[%emt 0:00:30]} h6 {[%emt 0:00:00]} 6. Nc3 {[%emt 0:02:30]} Bg7 {[%emt 0:01:30]} 7. Be3 {[%emt 0:00:30]} d6 {[%emt 0:01:30]} 8. h3 {[%emt 0:02:30]} Nd4 {[%emt 0:04:30]} 9. Rb1 {[%emt 0:04:30]} Ne7 {[%emt 0:05:30]} 10. O-O {[%emt 0:07:30]} O-O {[%emt 0:03:30]} 11. Nh2 {[%emt 0:03:30]} f5 {[%emt 0:06:30]} 12. f4 {[%emt 0:02:30]} Ng6 {[%emt 0:06:30]} 13. Bh5 {[%emt 0:06:30]} Nxf4 {[%emt 0:02:30]} 14. Bxf4 {[%emt 0:01:30]} gxf4 {[%emt 0:00:30]} 15. Rxf4 {[%emt 0:04:30]} Qg5 {[%emt 0:01:30]} 16. Rf2 {[%emt 0:06:30]} Bd7 {[%emt 0:02:30]} 17. exf5 {[%emt 0:02:30]} Bc6 {[%emt 0:01:30]} 18. Bf3 {[%emt 0:03:30]} Rxf5 {[%emt 0:04:30]} 19. Ne4 {[%emt 0:06:30]} Bxe4 {[%emt 0:02:30]} 20. dxe4 {[%emt 0:00:30]} Rf7 {[%emt 0:02:30]} 21. Qd2 {[%emt 0:08:30]} Qg3 {[%emt 0:03:30]} 22. Kh1 {[%emt 0:07:30]} Raf8 {[%emt 0:01:30]} 23. Qe3 {[%emt 0:08:30]} Be5 {[%emt 0:03:30]} 24. Nf1 {[%emt 0:01:38]} Qh4 {[%emt 0:00:30]} 25. b4 {[%emt 0:08:23]} Nxf3 {[%emt 0:02:30]} 26. gxf3 {[%emt 0:00:14]} Qxh3+ {[%emt 0:01:30]} 27. Nh2 {[%emt 0:00:09]} Rxf3 {[%emt 0:02:30]} 28. Rg2+ {[%emt 0:03:20]} Qxg2+ {[%emt 0:00:30]} 0-1

[Event "CRO-ch Youth U19 2020"]
[Site "Vinkovci"]
[Date "2020.07.28"]
[Round "1.13"]
[White "Purini, Bruno"]
[Black "Salamon, Viktor"]
[Result "0-1"]
[WhiteElo "2017"]
[BlackElo "1805"]
[Annotator "NA"]
[PlyCount "86"]
[EventDate "2020.07.28"]
[EventType "swiss"]
[EventCountry "CRO"]
[SourceTitle "playchess.com"]
[Source "ChessBase"]
[SourceQuality "1"]
[TimeControl "5400+30"]

{[%evp 9,71,11,9,21,32767,17,31,32767,32767,32767,32767,32767,32767,-2,10,-11,54,56,32767,-5,32767,32767,32767,20,32767,32767,75,-39,0,-37,-55,-41,0,-2,32767,32767,32767,32767,32767,32767,32767,32767,32767,32767,32767,32767,32767,-56,0,32767,57,0,0,0,14,16,149,0,13,0,0,-777,-507,-394]} 1. e4 {[%emt 0:00:30]} e6 {[%emt 0:00:30]} 2. d4 {[%emt 0:00:00]} d5 {[%emt 0:00:00]} 3. exd5 {[%emt 0:00:00]} exd5 {[%emt 0:00:00]} 4. Nf3 {[%emt 0:00:30]} Bd6 {[%emt 0:00:30]} 5. Bd3 {[%emt 0:01:30]} Nc6 {[%emt 0:01:30]} 6. O-O {[%emt 0:00:30]} Bg4 {[%emt 0:00:30]} 7. c3 {[%emt 0:02:30]} Nge7 {[%emt 0:00:30]} 8. b4 {[%emt 0:01:30] C01: French: Exchange Variation.} f6 {[%emt 0:02:30]} 9. a4 {[%emt 0:02:30]} Qd7 {[%emt 0:00:30]} 10. Na3 {[%emt 0:01:30] [#]} a6 $146 {[%emt 0:02:30]} ({Predecessor:} 10... g5 11. Nb5 Bf4 12. Re1 O-O-O 13. a5 Kb8 14. Na3 Ng6 15. Nc2 Bxc1 16. Rxc1 Nf4 {1-0 (53) Kozma,E (2123)-Toth,L (2208) Hungary 2004}) 11. b5 {[%emt 0:03:30]} Na5 {[%emt 0:01:30]} 12. c4 {[%emt 0:06:30]} Bxf3 {[%emt 0:05:30]} (12... dxc4 $11 13. Nxc4 Nxc4 14. Bxc4 axb5 15. Bxb5 c6) 13. Qxf3 {[%emt 0:02:30]} Nb3 {[%emt 0:05:30]} 14. Ra2 {[%emt 0:08:30]} (14. c5 $14 Nxd4 15. Qh5+ {[%mdl 64] Double Attack} g6 {[#]} 16. Bxg6+ $1 {[%mdl 512]} Nxg6 17. cxd6 Qxd6 18. Bb2) 14... Nxd4 {[%emt 0:07:30]} 15. Qh5+ {[%emt 0:11:30]} g6 {[%emt 0:04:30]} 16. Qh4 {[%emt 0:01:30]} Be5 {[%emt 0:07:30]} 17. Re1 {[%emt 0:05:30]} Ndf5 {[%emt 0:05:30]} 18. Qh3 {[%emt 0:00:30]} ({White should play} 18. Bxf5 $1 $14 gxf5 19. Qh5+ Kd8 20. cxd5) 18... Nd4 {[%emt 0:02:30]} 19. Qh4 {[%emt 0:01:30]} O-O {[%emt 0:01:30]} 20. cxd5 {[%emt 0:02:30]} Ndf5 {[%emt 0:03:30]} 21. Qc4 {[%emt 0:05:30]} Nd6 {[%emt 0:02:30]} 22. Qb3 {[%emt 0:01:30]} Nef5 {[%emt 0:02:30]} 23. Be3 {[%emt 0:08:30]} Nxe3 {[%emt 0:04:30]} 24. Rxe3 {[%emt 0:00:30]} Kg7 {[%emt 0:01:30]} 25. Rae2 {[%emt 0:01:30]} axb5 {[%emt 0:04:30]} 26. axb5 {[%emt 0:00:30]} Nf5 {[%emt 0:02:30]} 27. Bxf5 {[%emt 0:01:30]} Qxf5 {[%emt 0:00:30]} 28. Re4 {[%emt 0:03:30]} (28. g3 $11) 28... Rfd8 {[%emt 0:04:30]} 29. Nc2 {[%emt 0:01:30] [#]} Bd6 $2 {[%emt 0:01:30]} (29... Rxd5 $1 $19 {[%mdl 512]} 30. g3 (30. Qxd5 Bxh2+) 30... Qd7) 30. g4 {[%emt 0:02:30]} Qg5 {[%emt 0:02:30]} 31. Nd4 {[%emt 0:01:30]} Qh6 {[%emt 0:01:30]} 32. Ne6+ {[%emt 0:00:30]} Kh8 {[%emt 0:00:30] [#]} (32... Kg8 $11 33. h3 (33. f4 Ra1+ 34. Kg2 Rda8 $17) 33... Ra1+ 34. Kg2 Rda8) 33. f4 $2 {[%emt 0:00:30]} (33. h3 $1 $18) 33... Ra1+ {[%emt 0:03:30]} 34. Kg2 {[%emt 0:00:30]} Rda8 {[%emt 0:00:30]} 35. h3 $2 {[%emt 0:01:30]} (35. Qb2 $11 Qh4 36. h3) 35... R8a3 {[%emt 0:02:30]} 36. g5 $19 {[%emt 0:02:01]} Qh5 {[%emt 0:01:43]} 37. Nd8 {[%emt 0:01:25]} Qxe2+ {[%emt 0:04:25]} 38. Rxe2 {[%emt 0:00:04]} Rxb3 {[%emt 0:00:30]} 39. gxf6 {[%emt 0:00:52]} h5 {[%emt 0:01:36]} 40. Nf7+ {[%emt 0:00:56]} Kg8 {[%emt 0:00:40]} 41. Ng5 {[%emt 0:01:05]} Ra8 {[%emt 0:02:20]} 42. f7+ {[%emt 0:00:13]} Kf8 {[%emt 0:00:35]} 43. b6 {[%emt 0:00:17]} cxb6 {[%emt 0:00:55]} 0-1

[Event "CRO-ch Youth U19 2020"]
[Site "Vinkovci"]
[Date "2020.07.28"]
[Round "1.14"]
[White "Smetisko, Marija"]
[Black "Dasic, Jelena"]
[Result "1-0"]
[WhiteElo "1917"]
[BlackElo "1814"]
[Annotator "ChessBase"]
[PlyCount "39"]
[EventDate "2020.07.28"]
[EventType "swiss"]
[EventCountry "CRO"]
[SourceTitle "playchess.com"]
[Source "ChessBase"]
[SourceQuality "1"]
[TimeControl "5400+30"]

1. e4 {[%emt 0:00:30]} c5 {[%emt 0:00:30]} 2. Nf3 {[%emt 0:00:00]} e6 {[%emt 0:00:00]} 3. d4 {[%emt 0:03:00]} cxd4 {[%emt 0:00:00]} 4. Nxd4 {[%emt 0:00:30]} a6 {[%emt 0:00:00]} 5. a3 {[%emt 0:02:30]} Nf6 {[%emt 0:01:00]} 6. Nc3 {[%emt 0:00:30]} Qc7 {[%emt 0:00:00]} 7. Be2 {[%emt 0:03:30]} b5 {[%emt 0:03:00]} 8. Bg5 {[%emt 0:06:30]} b4 {[%emt 0:01:30]} 9. axb4 {[%emt 0:04:30]} Bxb4 {[%emt 0:00:30]} 10. Ndb5 {[%emt 0:15:30]} Qc6 {[%emt 0:03:30]} 11. Bxf6 {[%emt 0:02:30]} gxf6 {[%emt 0:00:30]} 12. Qd4 {[%emt 0:04:30]} Bxc3+ {[%emt 0:05:30]} 13. Nxc3 {[%emt 0:01:30]} e5 {[%emt 0:00:30]} 14. Qb4 {[%emt 0:04:30]} Qb7 {[%emt 0:09:30]} 15. Qa3 {[%emt 0:02:30]} Nc6 {[%emt 0:09:30]} 16. Nd5 {[%emt 0:02:30]} Kd8 {[%emt 0:00:30]} 17. Qd6 {[%emt 0:07:30]} Rg8 {[%emt 0:02:30]} 18. Bh5 {[%emt 0:01:30]} Re8 {[%emt 0:04:30]} 19. Bxf7 {[%emt 0:02:30]} Re7 {[%emt 0:02:30]} 20. Qxf6 {[%emt 0:00:30]} 1-0

[Event "CRO-ch Youth U19 2020"]
[Site "Vinkovci"]
[Date "2020.07.28"]
[Round "1.15"]
[White "Juric, Matea"]
[Black "Golub, Nikolina"]
[Result "0-1"]
[WhiteElo "1559"]
[BlackElo "1911"]
[Annotator "ChessBase"]
[PlyCount "48"]
[EventDate "2020.07.28"]
[EventType "swiss"]
[EventCountry "CRO"]
[SourceTitle "playchess.com"]
[Source "ChessBase"]
[SourceQuality "1"]
[TimeControl "5400+30"]

1. e4 {[%emt 0:00:30]} c5 {[%emt 0:00:30]} 2. Nf3 {[%emt 0:00:00]} e6 {[%emt 0:00:00]} 3. d4 {[%emt 0:00:00]} cxd4 {[%emt 0:00:00]} 4. Nxd4 {[%emt 0:00:30]} Nc6 {[%emt 0:00:00]} 5. Nc3 {[%emt 0:02:30]} a6 {[%emt 0:00:00]} 6. Be3 {[%emt 0:01:30]} Qc7 {[%emt 0:00:30]} 7. Be2 {[%emt 0:04:30]} Nf6 {[%emt 0:00:30]} 8. f3 {[%emt 0:04:30]} b5 {[%emt 0:04:30]} 9. a3 {[%emt 0:05:30]} Be7 {[%emt 0:08:30]} 10. Qd2 {[%emt 0:09:30]} Na5 {[%emt 0:07:30]} 11. e5 {[%emt 0:28:30]} Ng8 {[%emt 0:11:30]} 12. Bf4 {[%emt 0:09:30]} Bb7 {[%emt 0:07:30]} 13. Bd3 {[%emt 0:17:17]} Nc4 {[%emt 0:02:30]} 14. Bxc4 {[%emt 0:00:43]} Qxc4 {[%emt 0:00:30]} 15. Rd1 {[%emt 0:03:31]} Rd8 {[%emt 0:02:30]} 16. Qd3 {[%emt 0:02:44]} Qxd3 {[%emt 0:01:30]} 17. Rxd3 {[%emt 0:00:44]} g5 {[%emt 0:06:30]} 18. Bg3 {[%emt 0:01:01]} f5 {[%emt 0:07:30]} 19. h4 {[%emt 0:02:15]} f4 {[%emt 0:01:30]} 20. Bf2 {[%emt 0:00:06]} Nh6 {[%emt 0:05:30]} 21. hxg5 {[%emt 0:00:24]} Nf7 {[%emt 0:00:00]} 22. Nde2 {[%emt 0:04:18]} Nxe5 {[%emt 0:02:00]} 23. Rd1 {[%emt 0:00:48]} Ng6 {[%emt 0:00:30]} 24. Nd4 {[%emt 0:00:38]} Bxg5 {[%emt 0:00:30]} 0-1

[Event "CRO-ch Youth U19 2020"]
[Site "Vinkovci"]
[Date "2020.07.28"]
[Round "1.16"]
[White "Vujic, Agata"]
[Black "Muha, Magdalena"]
[Result "1/2-1/2"]
[WhiteElo "1621"]
[BlackElo "1720"]
[Annotator "NA RC"]
[PlyCount "45"]
[EventDate "2020.07.28"]
[EventType "swiss"]
[EventCountry "CRO"]
[SourceTitle "playchess.com"]
[Source "ChessBase"]
[SourceQuality "1"]
[TimeControl "5400+30"]

1. e4 {[%emt 0:00:30]} e6 {[%emt 0:00:30]} 2. d4 {[%emt 0:00:00]} d5 {[%emt 0:00:00]} 3. Nd2 {[%emt 0:00:00]} c5 {[%emt 0:01:00]} 4. exd5 {[%emt 0:02:30]} Qxd5 {[%emt 0:00:30]} 5. dxc5 {[%emt 0:07:30]} Bxc5 {[%emt 0:02:30]} 6. Ngf3 {[%emt 0:00:00]} Nf6 {[%emt 0:03:30]} 7. Bc4 {[%emt 0:00:00]} Qd6 {[%emt 0:04:30]} 8. Qe2 {[%emt 0:08:30]} Nc6 {[%emt 0:07:30]} 9. c3 {[%emt 0:00:30]} O-O {[%emt 0:05:30]} 10. O-O {[%emt 0:00:30]} Qc7 {[%emt 0:03:30]} 11. b4 {[%emt 0:00:30]} Bd6 {[%emt 0:02:30]} 12. Bb2 {[%emt 0:00:30]} b6 {[%emt 0:01:30]} 13. Bd3 {[%emt 0:00:30]} Nd5 {[%emt 0:19:30]} 14. g3 {[%emt 0:07:30]} Ne5 {[%emt 0:04:30]} 15. Nxe5 {[%emt 0:19:30]} Bxe5 {[%emt 0:00:30]} 16. Nf3 {[%emt 0:00:30]} Bf6 {[%emt 0:01:30]} 17. Rac1 {[%emt 0:08:30]} Bb7 {[%emt 0:02:30]} 18. Rfe1 {[%emt 0:00:30]} Rac8 {[%emt 0:07:30]} 19. Ne5 {[%emt 0:10:30]} Rfd8 {[%emt 0:01:30]} 20. f4 {[%emt 0:02:30]} Rd6 {[%emt 0:08:30]} 21. a3 {[%emt 0:01:30]} Ne7 {[%emt 0:06:31]} 22. Bxh7+ {[%emt 0:05:30]} Kxh7 {[%emt 0:06:45]} 23. Qh5+ {[%emt 0:04:52]} 1/2-1/2

[Event "CRO-ch Youth U19 2020"]
[Site "Vinkovci"]
[Date "2020.07.29"]
[Round "2.9"]
[White "Cotic, Borna"]
[Black "Moric, Ivan"]
[Result "1-0"]
[WhiteElo "2049"]
[BlackElo "1726"]
[Annotator "TA"]
[PlyCount "59"]
[EventDate "2020.07.28"]
[EventType "swiss"]
[EventCountry "CRO"]
[SourceTitle "playchess.com"]
[Source "ChessBase"]
[SourceQuality "1"]

{[%evp 13,59,13,22,11,14,-5,32,25,40,27,27,27,92,55,58,26,59,0,29,-21,-20,-29,0,-44,0,0,62,37,32,37,31,38,83,79,335,325,463,432,463,441,666,645,1191,1179,1518,1431,1543,1509]} 1. e4 c5 2. Nf3 d6 3. Bb5+ Bd7 4. Bxd7+ Qxd7 5. c4 e5 6. d3 Nc6 7. Nc3 g6 8. O-O {B52: Sicilian: Moscow Variation with 3...Bd7.} Bg7 9. Nd5 h6 10. a3 {White is slightly better.} Nge7 11. Rb1 f5 12. b4 {[%cal Bb2b4,Bb4b5][%mdl 32] [#]} b6 $146 (12... O-O $11 {remains equal.}) ({Predecessor:} 12... O-O 13. Be3 b6 14. bxc5 dxc5 15. a4 g5 16. Ne1 Na5 17. Bd2 Nec6 18. exf5 Rxf5 {½-½ (30) Mihalik,A (2206)-Farkas,T (2317) Budapest 2019}) 13. b5 Nd4 14. Nxd4 {[#] Black must now prevent Ne6.} cxd4 15. f4 (15. Nxe7 $14 Qxe7 16. exf5) 15... O-O 16. Bd2 Nxd5 17. cxd5 exf4 18. Bxf4 g5 19. Bd2 f4 ({Black should play} 19... Rae8 $11) 20. a4 Be5 21. Qh5 Kh7 22. Rbc1 Rac8 23. Rc6 Rxc6 $4 {[%mdl 8192] This move loses the game for Black.} (23... Rb8 $16 {was necessary.}) 24. bxc6 $18 ({Weaker is} 24. dxc6 Qe6 $16) 24... Qf7 (24... Qe7 {keeps fighting.} 25. a5 Qd8 26. axb6 axb6) 25. Qxf7+ {White is clearly winning.} Rxf7 26. Rc1 {[#] c7 is the strong threat.} Rc7 (26... Rf8 $142 27. a5 Kg6) 27. a5 {[%cal Ba4a5,Ba5a6][%mdl 32]} b5 {and the idea ...a6 leaves Black hopeful.} 28. a6 Bf6 29. Rb1 Bd8 30. Rxb5 {Accuracy: White = 73%, Black = 31%.} 1-0

[Event "CRO-ch Youth U19 2020"]
[Site "Vinkovci"]
[Date "2020.07.29"]
[Round "2.10"]
[White "Salamon, Viktor"]
[Black "Ghersinich, Enrico"]
[Result "1-0"]
[WhiteElo "1805"]
[BlackElo "2299"]
[Annotator "TA"]
[PlyCount "85"]
[EventDate "2020.07.28"]
[EventType "swiss"]
[EventCountry "CRO"]
[SourceTitle "playchess.com"]
[Source "ChessBase"]
[SourceQuality "1"]

{[%evp 16,85,14,14,71,79,87,93,99,100,98,100,128,137,137,106,104,100,124,82,91,26,117,106,135,135,312,300,316,302,442,447,440,406,488,481,470,393,709,700,812,804,786,756,813,809,796,769,844,393,979,991,989,997,997,995,991,991,987,985,966,966,1043,1054,1049,1071,2006,1791,29990,29991,29991,29992]} 1. d4 Nf6 2. c4 e6 3. Nc3 c5 4. d5 exd5 5. cxd5 g6 6. e4 d6 7. Be2 Bg7 8. Bf4 O-O 9. Nf3 Re8 {A72: Modern Benoni: Classical: Lines with Bg5.} (9... b5 $11) 10. Nd2 $16 Na6 11. O-O Nc7 {White is better.} 12. a4 {[%cal Ba2a4,Ba4a5][%mdl 32]} a6 13. Bf3 Rb8 14. Nc4 Bf8 15. a5 Nb5 {[#]} 16. Re1 $146 ({Predecessor:} 16. e5 dxe5 17. Bxe5 Bd6 18. Bxf6 Qxf6 19. Ne4 Qd8 20. Ncxd6 Nxd6 21. Nxc5 b6 22. axb6 Qxb6 {½-½ (33) Wu,S (2513)-Gao,R Wuxi 2005}) 16... Nd4 17. e5 dxe5 18. Bxe5 ({White should try} 18. Rxe5 $16 Bf5 19. Rxe8 Qxe8 20. Be5 (20. Bxb8 Qxb8 21. Ne2 Bc2 $16)) 18... Bf5 (18... Rxe5 $11 {remains equal.} 19. Nxe5 (19. Rxe5 Bf5 $14) 19... Bf5) 19. Bxb8 Rxe1+ 20. Qxe1 Nc2 $2 {Black cannot hold the game after this.} (20... Qxb8 $16 21. Qe5 Qxe5 22. Nxe5 Bd6) 21. Qe5 $18 {Threatens to win with Bc7.} Nd7 22. Qc7 Qxc7 (22... Qxb8 {was worth a try.} 23. Qxb8 Nxb8) 23. Bxc7 Nxa1 24. d6 Nc2 25. Bxb7 Nb4 26. Bc8 Nc6 $2 (26... Bg7 27. Bxd7 Bxd7) 27. Bxa6 Ndb8 28. Bb5 Bc8 29. Nb6 Ba6 30. d7 {aiming for Bxb8.} Be7 31. Nbd5 Kf8 32. Kf1 (32. Nxe7 $142 Kxe7 {[#]} 33. d8=Q+ $1 {[%mdl 576] Deflection} Nxd8 34. Bxb8 Bxb5 35. Nxb5) 32... f5 $2 (32... Bxb5+ 33. Nxb5 Nxd7) 33. Nxe7 Kxe7 {[#]} 34. d8=Q+ $1 {[%mdl 64] Deflection} Nxd8 35. Bxb8 Bb7 36. a6 Ba8 37. Na4 Nc6 38. a7 Nd4 39. Bc4 g5 40. Nb6 Bc6 41. Bd5 {Bxc6 would kill now.} Bb5+ 42. Kg1 Ne2+ 43. Kh1 {Accuracy: White = 66%, Black = 40%.} 1-0